Farm Finds - Statistics

General Stats
  • This quiz has been taken 9 times
  • The average score is 6 of 10
Answer Stats
Hint Answer % Correct
cnekhci chicken
100%
nittke kitten
100%
ooattm tomato
100%
tlecta cattle
60%
shseor horses
60%
rtcoatr tractor
60%
kbtaes basket
40%
deldas saddle
40%
hhnsuoee henhouse
20%
aakytshc haystack
0%
No matching quizzes found
Score Distribution
Percent of People with Each Score
Percentile by Number Answered
Your Score History
You have not taken this quiz